000 00453nam a2200193Ia 4500
008 130729s9999 xx 000 0 und d
072 _aProgramming Language
082 _a005.13
082 _bM4269
100 _aThe Mathworks
_9692
245 _aBuilding GUIs With MATLAB
245 _cThe Mathworks
260 _aUSA
260 _bThe MathWorks
260 _c1997
300 _a4-14
300 _fIllustration,index & tables
942 _cBK
999 _c6473
_d6473